|
|
|
|
| LEADER |
00000naa0a2200000 4500 |
| 001 |
592696 |
| 005 |
20250829145924.0 |
| 035 |
|
|
|a (RuTPU)RU\TPU\tpu\5092
|
| 090 |
|
|
|a 592696
|
| 100 |
|
|
|a 20011210d1967 k||y0rusy50 ca
|
| 101 |
0 |
|
|a rus
|
| 102 |
|
|
|a RU
|
| 200 |
1 |
|
|a Исследование некоторых типов модуляторов оптических астронавигаторов
|f П. И. Госьков, В. П. Ципилев, О. А. Черепанов
|
| 300 |
|
|
|a Ротапр. изд.
|
| 463 |
|
1 |
|t Первая научно-техническая конференция профессорско-преподавательского состава. Посвящается 50-летию Октября
|v С. 16-17
|o тезисы докладов
|d 1967
|
| 610 |
1 |
|
|a электроника
|
| 610 |
1 |
|
|a труды учёных ТПУ
|
| 610 |
1 |
|
|a рентгенотехника
|
| 610 |
1 |
|
|a ускорители
|
| 700 |
|
1 |
|a Госьков
|b П. И.
|
| 701 |
|
1 |
|a Ципилев
|b В. П.
|
| 701 |
|
1 |
|a Черепанов
|b О. А.
|
| 801 |
|
0 |
|a RU
|b 63413507
|c 20011210
|g PSBO
|
| 801 |
|
2 |
|a RU
|b 63413507
|c 20080313
|g PSBO
|
| 942 |
|
|
|c BK
|